लढे अंधश्रदधेचे (Record no. 25261)

MARC details
000 -LEADER
fixed length control field 00444nam a2200169Ia 4500
008 - FIXED-LENGTH DATA ELEMENTS--GENERAL INFORMATION
fixed length control field 220531s9999 xx 000 0 und d
041 ## - LANGUAGE CODE
Language code of text/sound track or separate title mar
100 ## - MAIN ENTRY--PERSONAL NAME
Personal name दाभोलकर नरेंद्र
9 (RLIN) 42350
245 ## - TITLE STATEMENT
Title लढे अंधश्रदधेचे
250 ## - EDITION STATEMENT
Edition statement 1ST
260 ## - PUBLICATION, DISTRIBUTION, ETC. (IMPRINT)
Name of publisher, distributor, etc. Chhaya
Date of publication, distribution, etc. 1995
300 ## - PHYSICAL DESCRIPTION
Extent 279
542 ## - INFORMATION RELATING TO COPYRIGHT STATUS
Copyright holder 25-07-2000
650 ## - SUBJECT ADDED ENTRY--TOPICAL TERM
Topical term or geographic name as entry element Sociology
9 (RLIN) 42351
906 ## - LOCAL DATA ELEMENT F, LDF (RLIN)
d 2000-2001
f 7630
Holdings
Withdrawn status Lost status Source of classification or shelving scheme Damaged status Not for loan Home library Current library Date acquired Vendor Cost, normal purchase price Total Checkouts Total Holds Full call number Barcode Date last seen Bill Date Koha item type Original Barcode
    Dewey Decimal Classification     Shri Siddhivinayak Mahila Mahavidyalaya Shri Siddhivinayak Mahila Mahavidyalaya 27/07/2000 Samarth 200.00   1 /-/B/6247 SSMM-BK-6247 06/08/2022 06/08/2022 Books 010006247